Cryptic Crossword Clues - Anagrams - Statistics

General Stats
  • This quiz has been taken 407 times
  • The average score is 5 of 10
Answer Stats
Clue Answer % Correct
Real fun erupts at a death ceremony (7) Funeral
86%
War and chaos in an African nation (6) Rwanda
63%
This country provides pure excitement (4) Peru
55%
Soccer's mishandling of ballot (8) Football
54%
Turbulent air came from the continent? (7) America
45%
Small country that's different on radar (7) Andorra
42%
Slain but transformed, where Asia meets Europe (8) Istanbul
41%
Angered angered angered (7) Enraged
32%
Heart's broken, and we're all there (5) Earth
28%
God, in this place, rearranged semi-quartz (10) Quizmaster
6%
No matching quizzes found
Score Distribution
Percent of People with Each Score
Percentile by Number Answered
Your Score History
You have not taken this quiz